00956nam a2200253 a 450000100060000000300080000600500170001400800410003103500200007204000370009204100080012908200250013710000440016224500880020626000450029430000270033950000650036665100320043170000320046371000410049594200120053699900170054895201370056541728BD-RjUL20211209053435.0160605s1963 enka b 000 0 eng d a(BD-RjUL) 41846 aDLCcOSUdOCLdBD-RjULdEUXbeng aeng a954.89223bFAC 19631 aFarmer, B. H.q(Bertram Hughes)912818210aCeylon :ba divided nation /cby B.H. Farmer ; with a foreword by Viscount Soulbury aOxford University Press :bLondon,c1963 a74 p :bill. ;c19 cm. aIssued under the auspices of the Institute of Race Relations 0aSri LankaxHistory.9128183 aSoulbury, Viscount 91281842 aInstitute of Race Relations.9128185 2ddccBK c41728d41728 00102ddc40708NFICaRUCLbRUCLcStackd1965-11-30eZeitlingerg7.60l0o954.89 FAC 1963r2016-06-05 00:00:00tC-2w2016-06-05yBK